书目信息 |
| 题名: |
地球科学数据共享的挑战与实践
|
|
| 作者: | 王亮绪 , 李新 著 | |
| 分册: | ||
| 出版信息: | 北京 科学出版社 2019.01 |
|
| 页数: | 112页 | |
| 开本: | 24cm | |
| 丛书名: | 区域生态与环境过程系列丛书 | |
| 单 册: | ||
| 中图分类: | P , G253 | |
| 科图分类: | ||
| 主题词: | 地球科学--di qiu ke xue--数据共享 | |
| 电子资源: | ||
| ISBN: | 978-7-03-059332-0 | |
| 000 | 01537nam 2200325 450 | |
| 001 | CAL 0120182652191 | |
| 005 | 20190103141530.8 | |
| 010 | @a978-7-03-059332-0@dCNY70.00 | |
| 100 | @a20190103d2019 em y0chiy50 ea | |
| 101 | 0 | @achi |
| 102 | @aCN@b110000 | |
| 105 | @aa a 000yy | |
| 106 | @ar | |
| 200 | 1 | @a地球科学数据共享的挑战与实践@Adi qiu ke xue shu ju gong xiang de tiao zhan yu shi jian@e以中国西部生态与环境科学数据中心为例@f王亮绪, 李新著@Fwang liang xu , li xin zhu |
| 210 | @a北京@c科学出版社@d2019.01 | |
| 215 | @a112页@c图@d24cm | |
| 225 | 2 | @a区域生态与环境过程系列丛书@Aqu yu sheng tai yu huan jing guo cheng xi lie cong shu |
| 306 | @a科技部重点研发项目 (2016YFC0502726) 国家自然科学基金重点项目 (91025001、90502010) 中国科学院西部行动计划项目 (KZCX2-XB2-09、KZCX2-XB3-15) 资助出版 | |
| 320 | @a有书目 (第101-112页) | |
| 330 | @a本文以科学数据共享为核心, 在回顾科学数据共享的发展历史基础上, 从研究科学数据共享的概念、内容与技术为起点, 阐述科学数据共享的理念, 以科学数据共享平台的设计与实现为工具, 结合科学数据的汇交与共享具体实践, 以分析和评价科学数据共享的实际成效为终点。 | |
| 410 | 0 | @12001 @a区域生态与环境过程系列丛书 |
| 517 | 1 | @a以中国西部生态与环境科学数据中心为例@Ayi zhong guo xi bu sheng tai yu huan jing ke xue shu ju zhong xin wei li |
| 586 | @a | |
| 606 | 0 | @a地球科学@Adi qiu ke xue@x数据共享 |
| 690 | @aP@v5 | |
| 690 | @aG253@v5 | |
| 701 | 0 | @a王亮绪@Awang liang xu@4著 |
| 701 | 0 | @a李新@Ali xin@4著 |
| 801 | 0 | @aCN@c20190103 |
| 905 | @a河南城建学院图书馆@dP@eW257@f2 | |
| 地球科学数据共享的挑战与实践:以中国西部生态与环境科学数据中心为例/王亮绪, 李新著.-北京:科学出版社,2019.01 |
| 112页:图;24cm.-(区域生态与环境过程系列丛书) |
| ISBN 978-7-03-059332-0:CNY70.00 |
| 本文以科学数据共享为核心, 在回顾科学数据共享的发展历史基础上, 从研究科学数据共享的概念、内容与技术为起点, 阐述科学数据共享的理念, 以科学数据共享平台的设计与实现为工具, 结合科学数据的汇交与共享具体实践, 以分析和评价科学数据共享的实际成效为终点。 |
| ● |
| 相关链接 |
|
|
|
正题名:地球科学数据共享的挑战与实践
索取号:P/W257
 
预约/预借
| 序号 | 登录号 | 条形码 | 馆藏地/架位号 | 状态 | 备注 |
| 1 | 1407296 | 214072965 | 自科库401/401自科库 109排1列2层/ [索取号:P/W257] | 在馆 | |
| 2 | 1407297 | 214072974 | 期刊室512/401自科库 109排1列1层/ [索取号:P/W257] | 在馆 |